000
00342nam a2200169Ia 4500
100
_a
Lacovella/Stefano
650
_a
Geoserver
942
_c
BK
366
_f
20
654
_a
geoserver
245
_a
Geoserver:Begineers Guide
260
_b
SPD
_c
2013
082
_a
5.13
300
_a
326
546
_a
ENGLISH
_c
Computers
999
_c
22484
_d
22484